South Eastern Kenya University

Library Online Public Access Catalogue


Topics in college Mathematics / (Record no. 12943)

MARC details
000 -LEADER
fixed length control field 00534nam a22001937a 4500
003 - CONTROL NUMBER IDENTIFIER
control field OSt
005 - DATE AND TIME OF LATEST TRANSACTION
control field 20160421142831.0
008 - FIXED-LENGTH DATA ELEMENTS--GENERAL INFORMATION
fixed length control field 160421b xxu||||| |||| 00| 0 eng d
040 ## - CATALOGING SOURCE
Original cataloging agency seku
050 ## - LIBRARY OF CONGRESS CALL NUMBER
Classification number QA 13
Item number .M4
100 ## - MAIN ENTRY--PERSONAL NAME
Personal name Meisel, Bill
245 ## - TITLE STATEMENT
Title Topics in college Mathematics /
Statement of responsibility, etc. Meisel, Bill
300 ## - PHYSICAL DESCRIPTION
Extent 310 p.
501 ## - WITH NOTE
With note includes bibliographical references
650 ## - SUBJECT ADDED ENTRY--TOPICAL TERM
Topical term or geographic name as entry element Mathematics
General subdivision Study and teaching (Higher)
700 ## - ADDED ENTRY--PERSONAL NAME
Personal name Shawver, Jerry
700 ## - ADDED ENTRY--PERSONAL NAME
Personal name Wehrung, Lloyd
Relator code contributing author
942 ## - ADDED ENTRY ELEMENTS (KOHA)
Source of classification or shelving scheme Library of Congress Classification
Koha item type General circulation
Holdings
Withdrawn status Lost status Source of classification or shelving scheme Damaged status Not for loan Home library Current library Shelving location Date acquired Source of acquisition Total Checkouts Full call number Barcode Date last seen Price effective from Koha item type Public note Date last checked out
    Library of Congress Classification     Main Campus Library Main Campus Library General Stacks 21/04/2016 Donation-Books for Africa   QA 11 .M4 2011 2016/015867 21/04/2016 21/04/2016 General circulation TNY  
    Library of Congress Classification     Main Campus Library Main Campus Library General Stacks 25/04/2016   2 QA 11 .M4 2011 2016/015778 11/12/2018 25/04/2016 General circulation   04/12/2018
    Library of Congress Classification     Main Campus Library Main Campus Library General Stacks 25/04/2016 Donation-Books for Africa 2 QA 11 .M4 2011 2016/015777 19/11/2018 25/04/2016 General circulation TNY 05/11/2018
    Library of Congress Classification     Main Campus Library Main Campus Library General Stacks 19/07/2018     QA 11 .M4 2011 2016/017681 19/07/2018 19/07/2018 General circulation    
Kitui, Kenya.
+254736116989
library@seku.ac.ke